000 00634nam a2200217Ii 4500
003 JO-AjNU
008 230606s9999||||xx |||||||||||||| ||und||
020 _a0-273-75276-6
040 _aJO-AjNU
_beng
_erda
_cJO-AjNU
041 _aeng
050 1 4 _aQA76.73.C153 .D45 2012
100 3 _aDeitel,paul/Detiel,Harvey,
_eauthor
_9519
245 0 0 _ac++ how to program
250 _a7 ed
264 3 1 _aPrentice Hall of India private Limited:Newdelhi,2012
300 _a444p
336 _atext
_btxt
_2rdacontent
337 _aunmediated
_bn
_2rdamedia
338 _avolume
_bnc
_2rdacarrier
650 4 _a(Computer program language) 
_9520
999 _aE276
_c276
_d276